000
00367nam a2200169 a 4500
001
2201
005
20140414131917.0
008
030210s19uu xx 00 eng d
050
_a
ER
_b
H19 1999
100
_a
Gool, Van
245
_a
Hansel and Gretel.
260
_a
London :
_b
Creation.
300
_a
440
_a
Van Gool's
650
_a
999
_c
111539
_d
111539